هل نستحق الديمقراطية ؟ / (Record no. 15340)
[ view plain ]
| 000 -الفاتح | |
|---|---|
| حقل البيانات ثابتة الطول | 01153nam a22003017a 4500 |
| 003 - محدد رقم الضبط | |
| رقم الضبط | EG-ScBUE |
| 005 - وقت وتاريخ اخر تعامل مع التسجيلة | |
| رقم الضبط | 20210205131537.0 |
| 008 - عناصر البيانات ثابتة الطول - معلومات عامة | |
| حقل البيانات ثابتة الطول | 110519s2010 ua f 000 ee ara d |
| 017 ## - رقم الإيداع القانونى | |
| رقم الإيداع القانونى | 2010/3579 |
| 020 ## - الرقم الدولى المعيارى للكتب | |
| الرقم الدولى المعيارى للكتاب | 9789770927710 |
| 040 ## - مصدر الفهرسة | |
| وكالة الفهرسة الأصلية | EG-ScBUE |
| لغة الفهرسة | ara |
| قواعد الوصف | rda |
| وكالة النسخ | EG-ScBUE |
| وكالة التعديل | EG-ScBUE |
| 082 04 - رقم تصنيف ديوى العشرى | |
| رقم التصنيف | 892.746 |
| رقم المادة | أ س و |
| رقم الطبعة | 22 |
| 100 1# - المدخل الرئيسى - إسم شخصى | |
| 9 (RLIN) | 21707 |
| الإسم الشخصى | الأسواني، علاء، |
| التواريخ المصاحبة للاسم | 1957- |
| الدور | مؤلف. |
| 245 10 - بيان العنوان | |
| العنوان | هل نستحق الديمقراطية ؟ / |
| بيان المسئوليه,etc | علاء الأسواني. |
| 246 34 - العنوان الموازى | |
| عنوان صحيح/عنوان مختصر | هل نستحق الديمقراطية ؟ : |
| بقية العنوان | مقالات علاء الأسواني 2 |
| 250 ## - بيان الطبعة | |
| بيان الطبعة | الطبعة الثالثة. |
| 264 #1 - النشر، التوزيع | |
| مكان الناشر او الموزع | القاهرة : |
| اسم الناشر او الموزع | دار الشروق، |
| تاريخ النشر أو التوزيع | 2010. |
| 300 ## - الوصف المادى | |
| التعداد | 209 صفحة ؛ |
| أبعاد الوعاء | 24 سم |
| 336 ## - نوع المحتوى | |
| source | rdacontent |
| Carrier Type Term | نص |
| Content Type Code | txt |
| 337 ## - نوع الوسيط | |
| source | rdamedia |
| Media Type Term | بدون وسيط |
| Media Type Code | n |
| 338 ## - نوع الحامل أو الناقل | |
| source | rdacarrier |
| Carrier Type Term | مجلد |
| Carrier Type Code | nc |
| 650 #7 - المدخل الاضافى بالموضوع-مصطلح موضوعى | |
| 9 (RLIN) | 152 |
| مصطلح موضوعي أو اسم جغرافي كعنصر مدخل | المقالات العربية |
| التقسيم الفرعي الجغرافي | مصر. |
| مصدر الرأس أو المصطلح | BUEsh |
| 651 #7 - المدخل الاضافى بالموضوع - اسم جغرافى | |
| 9 (RLIN) | 13710 |
| الاسم الجغرافي | مصر |
| التقسيم الفرعي العام | الأحوال الاجتماعية. |
| مصدر الرأس أو المصطلح | BUEsh |
| 651 #7 - المدخل الاضافى بالموضوع - اسم جغرافى | |
| 9 (RLIN) | 21463 |
| الاسم الجغرافي | مصر |
| التقسيم الفرعي العام | السياسة والحكومة. |
| مصدر الرأس أو المصطلح | BUEsh |
| 653 ## - مصطلح تكشيفى غير مقيد | |
| Arrived date list | May2011 |
| Resource For college | Arabic Literature |
| 655 ## - مصطلح تكشيفى-نوع/شكل | |
| التقسيم الفرعي الشكلي | Reading book |
| -- | 34232 |
| 942 ## - عناصر المدخل الإضافي( كوها) | |
| مصدر التصنيف او مخطط الترفيف | Dewey Decimal Classification |
| Koha [default] item type | Book - Borrowing |
| حالة التراجع | حالة الفقد | مصدر التصنيف او خطة الترفيف | حالة تلف | ليس للاعارة | مجموعات كوها | المكان الدائم | المكان الحالي | موقع الترفيف | تاريخ الاكتساب | سعر الشراء الطبيعي | تعداد مسلسل / التسلسل الزمني | رقم الاستدعاء | الباركود | Date last seen | مُعار | نوع الوعاء |
|---|---|---|---|---|---|---|---|---|---|---|---|---|---|---|---|---|
| Dewey Decimal Classification | Baccah | Central Library | Central Library | Second Floor | 19/05/2011 | 25.00 | 046504 | 892.746 أ س و | 000023622 | 15/07/2025 | 20/02/2025 | Book - Borrowing |